| 000 | 00388nam a2200133Ia 4500 | ||
|---|---|---|---|
| 008 | 250506s9999 xx 000 0 und d | ||
| 024 | _a09B-11-BS & 09B-22-BS | ||
| 082 | _a005.1072 FAR | ||
| 100 | _aFarhan Ali & Wasif Iqbal | ||
| 245 | 0 | _aVehicle Management System (VMS) | |
| 260 |
_aKarachi: _bUIT, _c2009 |
||
| 600 | _aComputer Science | ||
| 650 | _aBachelor of Computer Science (BS) | ||
| 999 |
_c28762 _d28762 |
||